000 00687nam a2200265Ia 4500
005 20260306164253.0
008 008 260114s9999 xx 000 0 eng d
020 _a9781526185143
037 _aEBOOK
040 _aCRL
040 _beng
040 _cCRL
041 _2eng
041 _aeng
084 _qCRL
100 _aSpash
_91130325
245 0 _aFoundations Of Social Ecological Economics: The Fight For Revolutionary Change In Economic Thought
260 _bManchester University Press
260 _c2024
650 _aEconomics & Finance
856 _uhttps://academic.oup.com/book/58774
942 _cEBOOK
999 _c1713443
_d1713443